000 00914nam a2200241 a 4500
001 BRCA_2005
005 20190320203631.0
008 120608s2005----mx-a######---#000-0#spa-#
020 _a9685234507
041 _aspa
044 _amx
050 4 _aN8217
_b.I43 2005
245 1 0 _aImágenes de los naturales en el arte de la Nueva España
_bsiglos XVI al XVIII
_cElisa Vargaslugo ... [et al.].
260 _aMéxico
_bFomento Cultural Banamex
_c2005
300 _a564 p.
_bil. a color
_c33 cm.
500 _aIncluye apéndice: corpus documental, índice de documentos, índice de nombres, índice de lugares y lista de ilustraciones
500 _aIncluye piezas de la colección Franz Mayer: p. 70 y 106-107
504 _aBibliografía: p. [541]-547
650 1 4 _aArte novohispano
_94249
650 1 4 _aPintura novohispana
_ySiglo XVI-XVIII
_zMéxico
_96143
700 1 _aVargaslugo, Elisa
_9356
942 _2lcc
_cB
999 _c1772
_d1772